000 00612nam a2200241 a 4500
001 nice12345678
003 IN_TiNIC
005 20260116011331.0
008 050524s0000 egya grp 000 0 ara
020 _a
_c100
082 0 0 _a297.293
_bAFA
100 _aAfandi, Abdur Rahman
245 _aAl-Fariq Baibul Makhlooq Wal-Khaliq.
260 _aEgypt
_bMaktaba-E-ilmia
_c0000
300 _a528p
500 _aincludes index and biblioraphy
505 2 _a3 vols. bound together
650 _aIslam-Apologetic Works
700 1 _aAfandi, Abdur Rahman
902 _bSRS
942 _cBK
999 _c596
_d596